Geographic Groups of Five #1 (Easy) - Statistics

General Stats
  • This quiz has been taken 128 times
  • The average score is 24 of 35
Answer Stats
Group Answer % Correct
Smallest Countries by Area Vatican
95%
African Mediterranean Countries Algeria
92%
African Mediterranean Countries Tunisia
92%
African Mediterranean Countries Morocco
91%
African Mediterranean Countries Egypt
90%
African Mediterranean Countries Libya
90%
Largest Indonesian Islands Java
86%
Smallest Countries by Area San Marino
86%
N. American Great Lakes Lake Erie
85%
N. American Great Lakes Lake Michigan
84%
N. American Great Lakes Lake Superior
84%
Smallest Countries by Area Monaco
84%
Original BRICS Countries Russia
82%
N. American Great Lakes Lake Huron
80%
Original BRICS Countries China
79%
Original BRICS Countries India
79%
N. American Great Lakes Lake Ontario
79%
Original BRICS Countries Brazil
78%
Largest Indonesian Islands Sumatra
74%
Largest Indonesian Islands Borneo
72%
Original BRICS Countries South Africa
69%
Smallest Countries by Area Nauru
68%
Largest Hawaiian Islands O'ahu
68%
Largest Hawaiian Islands Hawai'i
63%
D-Day Beaches Omaha
58%
Smallest Countries by Area Tuvalu
58%
Largest Indonesian Islands Sulawesi
54%
Largest Indonesian Islands New Guinea
50%
Largest Hawaiian Islands Maui
42%
D-Day Beaches Utah
33%
D-Day Beaches Juno
28%
Largest Hawaiian Islands Kaua'i
28%
D-Day Beaches Gold
26%
D-Day Beaches Sword
24%
Largest Hawaiian Islands Moloka'i
18%
No matching quizzes found
Score Distribution
Percent of People with Each Score
Percentile by Number Answered
Your Score History
You have not taken this quiz